| 000 | 00524nam a2200205 a 4500 | ||
|---|---|---|---|
| 999 |
_c4251 _d4251 |
||
| 001 | 4251 | ||
| 003 | BD-JhCC | ||
| 005 | 20171125181231.0 | ||
| 008 | 171119s uk |||| ||a| 000 0 eng d | ||
| 035 | _a(BD-JhCC) | ||
| 040 |
_aBD-JhCC _dBD-JhCC |
||
| 041 | _aeng | ||
| 082 |
_a823.914 _bSTA |
||
| 100 | _aStaines, Gladys | ||
| 245 |
_aStronger Than Lions and other Plays / _cGladys Staines, |
||
| 260 |
_aLondon : _bGinn and Company Ltd, |
||
| 300 |
_a112 p. : _c18 cm. |
||
| 650 | _aChildren's stories | ||
| 942 |
_2ddc _cBK |
||